000 00542nam a2200229Ia 4500
003 OSt
005 20220918201234.0
006 a|||||r|||| 00| 0
007 ta
008 220917b |||||||| |||| 00| 0 eng d
024 _a92,572
037 _cTextual
040 _aARTS
_cARTS
_beng
041 _2eng
_aeng
082 _aU8:261:N5, H1
100 _aWard F K
_997630
245 0 _aAssam adventure
260 _c1941
650 _aGEOGRAPHY
942 _hU8:261:N5, H1
_cTEXL
_2CC
999 _c216223
_d216223